Demigods of Hephaestus in Percy Jackson - Statistics

General Stats
  • This quiz has been taken 67 times
  • The average score is 3 of 7
Answer Stats
Answer % Correct
Leo Valdez
89%
Charles Beckendorf
85%
Harley
56%
Jake Mason
51%
Nyssa Barrera
27%
Christopher
15%
Shane
15%
No matching quizzes found
Score Distribution
Percent of People with Each Score
Percentile by Number Answered
Your Score History
You have not taken this quiz